الاضرابات السلوكية والانفعالية / (رقم التسجيلة. 81601)

تفاصيل مارك
000 -الفاتح
حقل البيانات ثابتة الطول 01074nam a22002537a 4500
003 - محدد رقم الضبط
رقم الضبط OSt
005 - وقت وتاريخ اخر تعامل مع التسجيلة
رقم الضبط 20220821162427.0
008 - عناصر البيانات ثابتة الطول - معلومات عامة
حقل البيانات ثابتة الطول 220821b2014 jo ||||g |||| 00| 0 ara d
020 ## - الرقم الدولى المعيارى للكتب
الرقم الدولى المعيارى للكتاب 9789957524951
040 ## - مصدر الفهرسة
وكالة الفهرسة الأصلية Ma-Un
وكالة النسخ Ma-Un
082 ## - رقم تصنيف ديوى العشرى
رقم الطبعة 21
رقم التصنيف 155.44
رقم المادة ق م إ
100 ## - المدخل الرئيسى - إسم شخصى
الإسم الشخصى القمش، مصطفي نوري.
245 ## - بيان العنوان
العنوان الاضرابات السلوكية والانفعالية /
بيان المسئوليه,etc مصطفي نوري القمش، خليل عبد الرحمن المعايطة.
246 31 - العنوان الموازى
عنوان صحيح/عنوان مختصر BEHAVIORAL & EMOTIONAL DISORDERS
250 ## - بيان الطبعة
بيان الطبعة ط. 1.
260 ## - PUBLICATION, DISTRIBUTION, ETC. (IMPRINT)
مكان الناشر او الموزع عمان، الأردن :
اسم الناشر او الموزع دار الاعصار العلمي للنشر والتوزيع،
تاريخ النشر أو التوزيع 2014
تاريخ النشر هجري 1435
300 ## - الوصف المادى
التعداد 338 ص. :
تفاصيل ماديه اخرى للوعاء ايض. ؛
أبعاد الوعاء 24 سم.
504 ## - تبصرة ببليوجرافية
تبصرة ببليوجرافية,الخ يشتمل على قائمة ببليوجرافية.
650 ## - المدخل الاضافى بالموضوع-مصطلح موضوعى
مصطلح موضوعي أو اسم جغرافي كعنصر مدخل الأطفال.
التقسيم الفرعي العام علم نفس.
650 ## - المدخل الاضافى بالموضوع-مصطلح موضوعى
مصطلح موضوعي أو اسم جغرافي كعنصر مدخل الاضطرابات النفسية.
650 ## - المدخل الاضافى بالموضوع-مصطلح موضوعى
مصطلح موضوعي أو اسم جغرافي كعنصر مدخل السلوك.
التقسيم الفرعي العام جوانب نفسية.
700 ## - المدخل الاضافى - اسم شخصى
الإسم الشخصى المعايطة، خليل عبد الرحمن.
الدور م. مشارك.
952 ## - LOCATION AND ITEM INFORMATION (KOHA)
نوع المادة فى نظام كوها كتاب
952 ## - LOCATION AND ITEM INFORMATION (KOHA)
نوع المادة فى نظام كوها كتاب
952 ## - LOCATION AND ITEM INFORMATION (KOHA)
نوع المادة فى نظام كوها كتاب
952 ## - LOCATION AND ITEM INFORMATION (KOHA)
نوع المادة فى نظام كوها كتاب
952 ## - LOCATION AND ITEM INFORMATION (KOHA)
نوع المادة فى نظام كوها كتاب
942 ## -
-- ddc
-- BOOK
المقتنيات
حالة الفقد نموذج السعر الفعال حالة تلف ليس للاعارة تاريخ الاكتساب رقم الطلب تاريخ الاكتساب الموقع الحالي الباركود الفرع الرئيسي Date last seen مصدر التصنيف او خطة الترفيف Total Checkouts
  2022-08-21   Not For Loan 2022-08-21 155.44 ق م إ 2022-08-21 CL 00187625 المكتبة المركزية بالمجمعة (CL) 2022-08-21 Dewey Decimal Classification  
  2022-08-21     2022-08-21 155.44 ق م إ 2022-08-21 CL 00187626 المكتبة المركزية بالمجمعة (CL) 2022-08-21 Dewey Decimal Classification  
  2022-08-21     2022-08-21 155.44 ق م إ 2022-08-21 CL 00187627 المكتبة المركزية بالمجمعة (CL) 2022-08-21 Dewey Decimal Classification  
  2022-08-21   Not For Loan 2022-08-21 155.44 ق م إ 2022-08-21 SZM 00187628 مكتبة مجمع الكليات بالزلفى - طلاب (SZM) 2022-08-21 Dewey Decimal Classification  
  2022-08-21     2022-08-21 155.44 ق م إ 2022-08-21 SZM 00187629 مكتبة مجمع الكليات بالزلفى - طلاب (SZM) 2022-08-21 Dewey Decimal Classification